Largest Countries Entirely in the Eastern Hemisphere - Statistics

General Stats
  • This quiz has been taken 54 times
  • The average score is 8 of 10
Answer Stats
Area (Sq. Km) Country % Correct
9,597,000 China
98%
3,287,263 India
98%
7,692,024 Australia
96%
1,564,100 Mongolia
90%
1,904,569 Indonesia
88%
2,724,400 Kazakhstan
84%
2,150,000 Saudi Arabia
80%
1,886,068 Sudan
61%
2,344,858 D.R. Congo
57%
1,759,540 Libya
43%
No matching quizzes found
Score Distribution
Percent of People with Each Score
Percentile by Number Answered
Your Score History
You have not taken this quiz